000
00272nam a22001097a 4500
008
230629b xxu||||| |||| 00| 0 eng d
082
_a
346.052
_b
COM
245
_a
Report of the Commission on the Law of Succession
260
_b
GOK
_c
1968
300
_a
167p
942
_2
ddc
_c
BK
999
_c
3103
_d
3103